[Event "Campeonato de España Individual"]
[Site "Cala Major-Palma de Mallorca"]
[Date "2009.10.03"]
[Round "8.3"]
[White "Del Rio de Angelis, Salvador Gabriel"]
[Black "Illescas Cordoba, Miguel"]
[Result "1/2-1/2"]
[WhiteElo "2559"]
[BlackElo "2591"]
[PlyCount "55"]
[EventDate "2009.09.26"]

1. d4 Nf6 2. c4 e6 3. Nc3 Bb4 4. e3 O-O 5. Bd3 c5 6. Nf3 d5 7. O-O Nc6 8. a3
Bxc3 9. bxc3 dxc4 10. Bxc4 Qc7 11. Bb2 e5 12. h3 Bf5 13. Bb5 Rad8 14. Bxc6 exd4
15. cxd4 Qxc6 16. Qe2 Ne4 17. Rfd1 f6 18. Rac1 b6 19. Ne1 Rfe8 20. f3 Ng5 21.
h4 Nf7 22. Qf2 Bc8 23. e4 f5 24. dxc5 Rxd1 25. Rxd1 fxe4 26. cxb6 axb6 27. Qg3
Qg6 28. Qxg6 1/2-1/2

[Event "Campeonato de España Individual"]
[Site "Cala Major-Palma de Mallorca"]
[Date "2009.10.03"]
[Round "8.5"]
[White "Mascaro March, Pedro"]
[Black "Recuero Guerra, David"]
[Result "0-1"]
[WhiteElo "2369"]
[BlackElo "2492"]
[PlyCount "46"]
[EventDate "2009.09.26"]

1. c4 Nf6 2. d4 e6 3. Nc3 Bb4 4. e3 b6 5. Nge2 c5 6. a3 Ba5 7. Bd2 O-O 8. Nf4
cxd4 9. exd4 Bxc3 10. Bxc3 d5 11. cxd5 Nxd5 12. Nxd5 Qxd5 13. Be2 Bb7 14. Bf3
Qd7 15. d5 Bxd5 16. Qd4 f6 17. Bxd5 exd5 18. O-O-O Rd8 19. Rd3 Nc6 20. Qf4 d4
21. Rhd1 Qc8 22. Kb1 dxc3 23. Qc4+ Kf8 0-1

[Event "Campeonato de España Individual"]
[Site "Cala Major-Palma de Mallorca"]
[Date "2009.10.03"]
[Round "8.6"]
[White "Alonso Rosell, Alvar"]
[Black "Astasio Lopez, David"]
[Result "1-0"]
[WhiteElo "2487"]
[BlackElo "2315"]
[PlyCount "49"]
[EventDate "2009.09.26"]

1. d4 d5 2. c4 e6 3. Nc3 Nf6 4. cxd5 exd5 5. Bg5 Be7 6. e3 O-O 7. Bd3 c6 8. Qc2
Nbd7 9. Nge2 Re8 10. f3 c5 11. O-O h6 12. Bh4 a6 13. Rad1 b6 14. Bf5 Bb7 15. e4
cxd4 16. Nxd4 dxe4 17. fxe4 Qc7 18. Bxd7 Nxd7 19. Bxe7 Rxe7 20. Nd5 Qe5 21.
Nxe7+ Qxe7 22. Nf5 Qe6 23. Qc7 Nc5 24. Qg3 g5 25. Rd6 1-0

[Event "Campeonato de España Individual"]
[Site "Cala Major-Palma de Mallorca"]
[Date "2009.10.03"]
[Round "8.7"]
[White "De La Villa Garcia, Jesus Maria"]
[Black "Alvarez Fernandez, Enrique"]
[Result "1-0"]
[WhiteElo "2481"]
[BlackElo "2340"]
[PlyCount "73"]
[EventDate "2009.09.26"]

1. e4 c5 2. Nf3 a6 3. c4 e6 4. Nc3 b6 5. d4 cxd4 6. Nxd4 Bb7 7. Be3 Qc7 8. Rc1
Nf6 9. Bd3 d6 10. O-O Nbd7 11. f3 Be7 12. Qd2 O-O 13. Rfd1 Rac8 14. Bf1 Qb8 15.
Kh1 Bd8 16. Rc2 Bc7 17. Bg1 Kh8 18. b4 Rg8 19. Rb1 Qa8 20. Na4 g5 21. c5 dxc5
22. bxc5 Bf4 23. Nxb6 Bxd2 24. Nxa8 Bxa8 25. Rxd2 Nxc5 26. Rc2 e5 27. Rbc1 Rcd8
28. Rxc5 exd4 29. Rd1 d3 30. Rxd3 Rxd3 31. Bxd3 Rd8 32. Bxa6 g4 33. Rc8 Rxc8
34. Bxc8 gxf3 35. Bd4 fxg2+ 36. Kg1 Kg7 37. Bf5 1-0

[Event "Campeonato de España Individual"]
[Site "Cala Major-Palma de Mallorca"]
[Date "2009.10.03"]
[Round "8.8"]
[White "Vega Gutierrez, Sabrina"]
[Black "Garza Marco, Sergio"]
[Result "1-0"]
[WhiteElo "2357"]
[BlackElo "2447"]
[PlyCount "107"]
[EventDate "2009.09.26"]

1. e4 Nf6 2. e5 Nd5 3. c4 Nb6 4. d4 d6 5. f4 dxe5 6. fxe5 Nc6 7. Be3 Bf5 8. Nc3
e6 9. Be2 Be7 10. Nf3 O-O 11. O-O f6 12. Qe1 Nb4 13. Rd1 Nc2 14. Qf2 Nxe3 15.
Qxe3 fxe5 16. dxe5 Qe8 17. Nb5 Qg6 18. Kh1 Bc2 19. Bd3 Bxd3 20. Qxd3 Qxd3 21.
Rxd3 Nxc4 22. Nxc7 Rac8 23. Nxe6 Rf7 24. Rc1 Rc6 25. Rdc3 Rxe6 26. Rxc4 g5 27.
h3 h5 28. Re4 Kg7 29. Nd4 Rb6 30. b3 Kg6 31. Rc7 h4 32. g4 hxg3 33. Kg2 Rb4 34.
Rg4 Rf4 35. Nf3 Rxg4 36. hxg4 Bf8 37. Kxg3 a5 38. Rc8 Bg7 39. Rc4 Rb6 40. Rc5
Ra6 41. Rb5 Re6 42. Rxa5 Rb6 43. Rd5 Bf8 44. Nd4 Ra6 45. a4 Rb6 46. Kf3 Rb4 47.
Ke4 Kf7 48. Rb5 Rxb5 49. Nxb5 Ke6 50. Nd4+ Kd7 51. Kf5 Be7 52. Nf3 Kc6 53. Ke6
Bd8 54. b4 1-0

[Event "Campeonato de España Individual"]
[Site "Cala Major-Palma de Mallorca"]
[Date "2009.10.03"]
[Round "8.10"]
[White "Bellon Lopez, Juan Manuel"]
[Black "Valmana Canto, Jaime"]
[Result "1/2-1/2"]
[WhiteElo "2430"]
[BlackElo "2332"]
[PlyCount "97"]
[EventDate "2009.09.26"]

1. d4 d5 2. Nf3 Nf6 3. c4 c6 4. Nc3 a6 5. c5 Nbd7 6. Bf4 Nh5 7. Bd2 Nhf6 8. Bf4
Nh5 9. e3 Nxf4 10. exf4 b6 11. cxb6 e6 12. Qd2 Qxb6 13. Rc1 c5 14. Na4 Qa7 15.
dxc5 Nxc5 16. Qd4 Nxa4 17. Rxc8+ Kd7 18. Qxa7+ Rxa7 19. Rc2 Bd6 20. Ne5+ Bxe5
21. fxe5 Rc8 22. Rxc8 Kxc8 23. b3 Nc3 24. a4 a5 25. Bd3 Rc7 26. Kd2 h6 27. h4
Kd8 28. f3 Na2 29. g4 Nb4 30. Bb1 Ke7 31. g5 Nc6 32. gxh6 gxh6 33. Rc1 Kd7 34.
f4 Nd4 35. Rxc7+ Kxc7 36. Ke3 Nxb3 37. f5 Nc5 38. f6 Nxa4 39. Bg6 Kd7 40. Bxf7
Nb6 41. Bg6 a4 42. Kd4 Nc4 43. Bd3 a3 44. Kc3 Ke8 45. h5 Kf7 46. Kc2 Kf8 47.
Kc3 Kf7 48. Kc2 Kf8 49. Kc3 1/2-1/2

[Event "Campeonato de España Individual"]
[Site "Cala Major-Palma de Mallorca"]
[Date "2009.10.03"]
[Round "8.11"]
[White "Camacho Collados, Marcos"]
[Black "Vassallo Barroche, Mauricio"]
[Result "1/2-1/2"]
[WhiteElo "2231"]
[BlackElo "2411"]
[PlyCount "74"]
[EventDate "2009.09.26"]

1. e4 g6 2. Nf3 Bg7 3. d4 d6 4. Be2 Nf6 5. Nc3 O-O 6. O-O c6 7. a4 Qc7 8. a5
Nbd7 9. Re1 e5 10. d5 a6 11. dxc6 bxc6 12. b3 Bb7 13. Bf1 d5 14. Bb2 Rfe8 15.
Bd3 Rad8 16. Nd2 Nc5 17. exd5 cxd5 18. b4 d4 19. Nce4 Ncxe4 20. Nxe4 Nd5 21. b5
f5 22. Ng3 e4 23. Bf1 Nc3 24. Bxc3 Qxc3 25. bxa6 Ba8 26. Ra4 e3 27. f3 Qc7 28.
Qd3 Kh8 29. Ne2 Be5 30. h3 Qe7 31. f4 Bf6 32. Nxd4 Qd7 33. Nb5 Qe7 34. Qa3 Bh4
35. Qc3+ Bf6 36. Qa3 Bh4 37. Qc3+ Bf6 1/2-1/2

[Event "Campeonato de España Individual"]
[Site "Cala Major-Palma de Mallorca"]
[Date "2009.10.03"]
[Round "8.13"]
[White "Oms Pallisse, Josep"]
[Black "Vehi Bach, Victor Manuel"]
[Result "1-0"]
[WhiteElo "2498"]
[BlackElo "2381"]
[PlyCount "59"]
[EventDate "2009.09.26"]

1. d4 Nf6 2. c4 e6 3. Nf3 d5 4. Nc3 Bb4 5. cxd5 exd5 6. Bg5 O-O 7. e3 Be6 8.
Bd3 c5 9. O-O Nbd7 10. Ne5 Qa5 11. Nxd7 Nxd7 12. Ne2 c4 13. Bc2 Rfe8 14. Nf4
Nf8 15. Qf3 Ng6 16. Nxe6 Rxe6 17. h4 h6 18. h5 hxg5 19. hxg6 fxg6 20. Qg4 Kf7
21. e4 Rae8 22. e5 Bd2 23. Rad1 Rh8 24. g3 Ke7 25. Qe2 c3 26. Bb3 Rd8 27. Kg2
Qb6 28. Qe3 Rc6 29. Qxg5+ Kf7 30. e6+ 1-0

[Event "Campeonato de España Individual"]
[Site "Cala Major-Palma de Mallorca"]
[Date "2009.10.03"]
[Round "8.14"]
[White "Aloma Vidal, Robert"]
[Black "Garcia Garcia, Ruben"]
[Result "1-0"]
[WhiteElo "2462"]
[BlackElo "2278"]
[PlyCount "99"]
[EventDate "2009.09.26"]

1. d4 Nf6 2. c4 g6 3. Nc3 Bg7 4. e4 d6 5. Be2 O-O 6. Bg5 c5 7. d5 h6 8. Bf4 b5
9. cxb5 a6 10. a4 Qa5 11. f3 axb5 12. Bxb5 Ba6 13. Bd2 Nbd7 14. Nge2 Ne5 15.
O-O Nc4 16. Bxc4 Bxc4 17. Re1 Qb6 18. Qc1 Kh7 19. Nb1 Qa6 20. Nec3 Nd7 21. f4
Rae8 22. Na3 Bd3 23. Be3 e6 24. Nab5 Bxb5 25. Nxb5 exd5 26. Nc7 Qd3 27. Nxe8
Rxe8 28. Ra3 Qa6 29. exd5 Nb6 30. Bf2 Rxe1+ 31. Qxe1 Nxd5 32. f5 Bxb2 33. fxg6+
fxg6 34. Rb3 Be5 35. Bxc5 Qxa4 36. Rb7+ Bg7 37. Bf2 Qc6 38. Rf7 Kg8 39. Rf3 Kh7
40. h3 Nc3 41. Rf7 Qd5 42. Rxg7+ Kxg7 43. Qxc3+ Kf7 44. Qc7+ Kf6 45. Qd8+ Kf7
46. Qd7+ Kf6 47. Bh4+ g5 48. Bg3 Qd1+ 49. Kh2 d5 50. Qd6+ 1-0

[Event "Campeonato de España Individual"]
[Site "Cala Major-Palma de Mallorca"]
[Date "2009.10.03"]
[Round "8.15"]
[White "Khamrakulov, Ibragim S"]
[Black "Cuenca Jimenez, Francisco Javier"]
[Result "0-1"]
[WhiteElo "2554"]
[BlackElo "2189"]
[PlyCount "146"]
[EventDate "2009.09.26"]

1. e4 d5 2. exd5 Nf6 3. Nf3 Qxd5 4. Nc3 Qd8 5. h3 e6 6. d4 Be7 7. Bd3 b6 8. Bg5
Bb7 9. Qe2 Nbd7 10. O-O-O O-O 11. h4 Re8 12. Ne5 h6 13. Bb5 a6 14. Bxf6 axb5
15. Bxe7 Qxe7 16. Qxb5 Nxe5 17. Qxe5 Ra5 18. Qg3 b5 19. a3 b4 20. Nb1 Bd5 21.
Rhe1 Rb8 22. Re3 Ba2 23. Nd2 Bd5 24. c4 bxc3 25. Rxc3 Rb7 26. Nc4 Ra4 27. Ne3
Qd7 28. Rd2 Ra5 29. Rdc2 Raa7 30. Ng4 Qb5 31. Nf6+ Kh8 32. Nxd5 Qf1+ 33. Kd2
exd5 34. Re3 Ra4 35. Re8+ Kh7 36. Qf4 Qxg2 37. Qf5+ Qg6 38. Qxd5 Rb6 39. h5
Qg5+ 40. Qxg5 hxg5 41. Rxc7 Rxb2+ 42. Kc3 Ra2 43. Rcc8 R4xa3+ 44. Kb4 Ra4+ 45.
Kc3 R4a3+ 46. Kb4 Ra4+ 47. Kb5 Ra5+ 48. Kc6 Rc2+ 49. Kd6 Rxc8 50. Rxc8 Ra2 51.
f3 Ra3 52. Ke5 Rxf3 53. d5 g4 54. d6 Rd3 55. Kf4 g3 56. Ke5 g2 57. Rc1 Kh6 58.
Rg1 Rd2 59. d7 Rxd7 60. Rxg2 Ra7 61. Kd6 Ra5 62. Ke7 f6 63. Kf7 Rg5 64. Rh2 f5
65. Ke6 Rxh5 66. Rf2 Rg5 67. Ke5 Kg6 68. Rf1 Rg2 69. Kf4 Kf6 70. Ra1 Rg4+ 71.
Kf3 Rb4 72. Ra7 Rb3+ 73. Kf2 g6 0-1

[Event "Campeonato de España Individual"]
[Site "Cala Major-Palma de Mallorca"]
[Date "2009.10.03"]
[Round "8.18"]
[White "Munar Rossello, Pedro"]
[Black "Estremera Panos, Sergio"]
[Result "0-1"]
[WhiteElo "2144"]
[BlackElo "2402"]
[PlyCount "72"]
[EventDate "2009.09.26"]

1. e4 c5 2. Nf3 d6 3. d4 cxd4 4. Nxd4 Nf6 5. Nc3 Nc6 6. Bc4 e5 7. Nf5 Be6 8.
Ne3 Rc8 9. Bxe6 fxe6 10. O-O Be7 11. Ng4 O-O 12. Nxf6+ Bxf6 13. Be3 a6 14. Qg4
Qe7 15. Rad1 b5 16. a4 b4 17. Na2 a5 18. Rd2 Nd4 19. c3 bxc3 20. Nxc3 Rc4 21.
h3 Rb8 22. Rfd1 Rcb4 23. f4 Rxb2 24. fxe5 dxe5 25. Bxd4 Rxd2 26. Rxd2 exd4 27.
Nb5 Rc8 28. Qd1 Bg5 29. Rc2 Be3+ 30. Kh1 Rf8 31. Qg4 Qf6 32. Qf3 Qe5 33. Qe2 d3
34. Qxd3 Qa1+ 35. Kh2 Bg1+ 36. Kg3 Qe5+ 0-1

[Event "Campeonato de España Individual"]
[Site "Cala Major-Palma de Mallorca"]
[Date "2009.10.03"]
[Round "8.19"]
[White "Gutierrez Castillo, Paloma"]
[Black "Hernandez Gallardo, Fco Javier"]
[Result "1/2-1/2"]
[WhiteElo "2151"]
[BlackElo "2360"]
[PlyCount "137"]
[EventDate "2009.09.26"]

1. e4 g6 2. d4 Bg7 3. Nf3 d6 4. c3 Nf6 5. Bd3 O-O 6. O-O Nc6 7. h3 e5 8. Be3 h6
9. Nbd2 Nh5 10. dxe5 dxe5 11. Be2 Qf6 12. Nh2 Nf4 13. Bg4 Ne6 14. Nb3 Rd8 15.
Qc1 h5 16. Bxe6 Qxe6 17. Rd1 Re8 18. f4 exf4 19. Bxf4 Ne5 20. Bxe5 Qxe5 21. Re1
Qg3 22. Nf1 Qh4 23. Qd2 Be6 24. Nd4 Rad8 25. Qe3 Bd5 26. Nf3 Qxe4 27. Qxa7 Qf4
28. N1d2 b6 29. Rxe8+ Rxe8 30. Qa6 Bh6 31. Qb5 c6 32. Qf1 c5 33. Re1 Re3 34. a3
Qg3 35. Rxe3 Bxe3+ 36. Kh1 Bxd2 37. Nxd2 Qxh3+ 38. Kg1 Qe3+ 39. Qf2 Qxf2+ 40.
Kxf2 Kg7 41. c4 Be6 42. b4 Kf6 43. bxc5 bxc5 44. a4 Ke5 45. Ke3 Kd6 46. Kf4 Bf5
47. Kg5 Ke5 48. a5 Bc8 49. Nb3 Kd6 50. Kf6 Be6 51. Nd2 Kc6 52. Ke5 h4 53. Kf6
Kb7 54. Ne4 Bxc4 55. Nxc5+ Kc6 56. Ne4 Bd5 57. Ng5 Kb5 58. Ke5 Bxg2 59. Kf4 f6
60. Nh7 g5+ 61. Ke3 g4 62. Nxf6 g3 63. Nh5 Bc6 64. Nf4 Kxa5 65. Ne2 Kb4 66. Kf4
g2 67. Kg4 Kc4 68. Kxh4 Kd3 69. Nf4+ 1/2-1/2

[Event "Campeonato de España Individual"]
[Site "Cala Major-Palma de Mallorca"]
[Date "2009.10.03"]
[Round "8.20"]
[White "Garcia Del Rey, Senen"]
[Black "Jimenez De La Torre, Jose A"]
[Result "1-0"]
[WhiteElo "2319"]
[BlackElo "2175"]
[PlyCount "49"]
[EventDate "2009.09.26"]

1. e4 e5 2. Nf3 Nc6 3. Bb5 a6 4. Ba4 Nf6 5. d3 Bc5 6. O-O d6 7. c3 b5 8. Bb3
Bb7 9. Bg5 h6 10. Be3 Bxe3 11. fxe3 O-O 12. Nbd2 Na5 13. Bc2 d5 14. Nxe5 dxe4
15. d4 Qe7 16. Qe2 Rad8 17. Rf5 Bd5 18. Raf1 Rd6 19. b3 Nh7 20. Bxe4 Be6 21.
R5f2 Ng5 22. Ng6 fxg6 23. Rxf8+ Kh7 24. R8f4 Rd8 25. Bc2 1-0

[Event "Campeonato de España Individual"]
[Site "Cala Major-Palma de Mallorca"]
[Date "2009.10.03"]
[Round "8.21"]
[White "Fenollar Jorda, Manuel"]
[Black "Iñigo Muñoz, Javier"]
[Result "1-0"]
[WhiteElo "2311"]
[BlackElo "2167"]
[PlyCount "81"]
[EventDate "2009.09.26"]

1. d4 d5 2. Nf3 e6 3. e3 Bd6 4. c4 c6 5. Bd3 f5 6. b3 Nf6 7. O-O O-O 8. Ba3
Bxa3 9. Nxa3 Qd6 10. Qc1 Nbd7 11. cxd5 exd5 12. Bxf5 g6 13. Bxd7 Nxd7 14. Nb1
b6 15. Nbd2 Ba6 16. Re1 Rae8 17. Qb2 Bd3 18. Rac1 Rf6 19. b4 Qe6 20. Qa3 Qf5
21. Rc3 Bb5 22. Qb3 Kg7 23. a4 Ba6 24. b5 Bb7 25. bxc6 Bxc6 26. Rec1 Ree6 27.
Nf1 Rd6 28. Ng3 Qe6 29. Ng5 Qe8 30. f4 Nf8 31. Ra1 h5 32. Nf3 Rde6 33. Ne5 h4
34. Nf1 Nh7 35. Rac1 Bxa4 36. Rc7+ Kh8 37. Qxd5 Nf8 38. Rc8 Qe7 39. R1c7 Qa3
40. Ng4 Bb3 41. Nxf6 1-0

[Event "Campeonato de España Individual"]
[Site "Cala Major-Palma de Mallorca"]
[Date "2009.10.03"]
[Round "8.22"]
[White "Garcia-Ortega Mendez, Jose M"]
[Black "Ferreiro Pailos, Alejandro"]
[Result "1/2-1/2"]
[WhiteElo "2277"]
[BlackElo "2125"]
[PlyCount "118"]
[EventDate "2009.09.26"]

1. d4 Nf6 2. Nf3 e6 3. c4 b6 4. g3 Bb7 5. Bg2 Be7 6. O-O O-O 7. Nc3 d5 8. cxd5
exd5 9. Bf4 Ne4 10. Rc1 Nxc3 11. Rxc3 c6 12. Qc2 Re8 13. Ne5 f6 14. Nxc6 Nxc6
15. Rxc6 Bxc6 16. Qxc6 Rc8 17. Qxd5+ Kh8 18. Qf7 Bd6 19. Bxd6 Qxd6 20. e3 Re7
21. Qb3 g6 22. h4 Kg7 23. Bf3 Rec7 24. Kg2 f5 25. Rd1 a5 26. d5 Rc4 27. a3 Rc2
28. Rd4 R8c5 29. Rf4 b5 30. e4 Qe5 31. exf5 Rxb2 32. Qd1 Rcc2 33. Bg4 Rd2 34.
Qc1 Qxd5+ 35. Kg1 Rdc2 36. Qe1 Qc5 37. f6+ Kf8 38. Qxa5 Qd5 39. Qe1 Qc5 40. Qe4
Rc1+ 41. Kg2 Qc6 42. Qxc6 Rxc6 43. Bd1 Rc4 44. Rf3 Rd4 45. Bb3 Rdd2 46. g4 h5
47. g5 Rd8 48. Rc3 Rbd2 49. Rc5 R2d4 50. Be6 Re4 51. Bh3 b4 52. axb4 Rxb4 53.
Rc7 Rb2 54. f7 Rdd2 55. Be6 Rxf2+ 56. Kg3 Rg2+ 57. Kf4 Rgf2+ 58. Kg3 Rg2+ 59.
Kf4 Rgf2+ 1/2-1/2

[Event "Campeonato de España Individual"]
[Site "Cala Major-Palma de Mallorca"]
[Date "2009.10.03"]
[Round "8.23"]
[White "Menvielle Laccourreye, Augusto"]
[Black "Diaz Rodriguez, Jose Antonio"]
[Result "1-0"]
[WhiteElo "2254"]
[BlackElo "2121"]
[PlyCount "61"]
[EventDate "2009.09.26"]

1. e4 d6 2. d4 Nf6 3. Nc3 g6 4. f3 c6 5. Bc4 b5 6. Bb3 b4 7. Nb1 Bg7 8. Be3 Be6
9. Bxe6 fxe6 10. a3 bxa3 11. Rxa3 Nbd7 12. Ne2 e5 13. O-O O-O 14. Nbc3 d5 15.
exd5 cxd5 16. Qd2 e6 17. Ra6 Re8 18. Rfa1 e4 19. fxe4 dxe4 20. Ng3 Nb6 21. Qe2
Rc8 22. Nb5 Nc4 23. Bg5 Qd5 24. Bxf6 Bxf6 25. Nxe4 Bxd4+ 26. Nxd4 Qxd4+ 27. Kh1
Ne3 28. R6a4 Qxb2 29. Qxe3 Rxc2 30. Qa3 Qe5 31. Rf1 1-0

[Event "Campeonato de España Individual"]
[Site "Cala Major-Palma de Mallorca"]
[Date "2009.10.03"]
[Round "8.24"]
[White "Revilla Rio, Francisco"]
[Black "Gaya Llodra, Juan"]
[Result "0-1"]
[WhiteElo "2094"]
[BlackElo "2218"]
[PlyCount "102"]
[EventDate "2009.09.26"]

1. d4 Nf6 2. Nf3 g6 3. e3 Bg7 4. c4 O-O 5. Nc3 c5 6. dxc5 Qa5 7. Bd2 Qxc5 8. b4
Qc7 9. Rc1 d6 10. Nd5 Nxd5 11. cxd5 Qb6 12. a4 Bg4 13. a5 Qd8 14. Qa4 Nd7 15.
Nd4 Rc8 16. Rxc8 Qxc8 17. f3 Bxd4 18. exd4 Bf5 19. Be2 Nf6 20. g4 Bd7 21. Qb3
e6 22. dxe6 Bxe6 23. Qd3 Bd5 24. O-O Qe6 25. Re1 Re8 26. Bd1 Qd7 27. Rxe8+ Qxe8
28. Kf2 Qe6 29. Be2 h5 30. g5 Ne8 31. Bf4 Ng7 32. b5 Qd7 33. Bf1 Qc7 34. a6
bxa6 35. bxa6 Ne6 36. Be3 Qc6 37. Bh3 Bc4 38. Qb1 Qb5 39. Qe4 Bd5 40. Qc2 Qxa6
41. Bxe6 Bxe6 42. d5 Bxd5 43. Bd4 Qa2 44. Bb2 Qc4 45. Qd2 Qh4+ 46. Ke3 Qxg5+
47. f4 Qg1+ 48. Kd3 Qf1+ 49. Kc2 Qc4+ 50. Kb1 Be4+ 51. Ka1 Qa4+ 0-1

[Event "Campeonato de España Individual"]
[Site "Cala Major-Palma de Mallorca"]
[Date "2009.10.03"]
[Round "8.25"]
[White "Damians Janes, Jordi"]
[Black "Vega Gutierrez, Belinda"]
[Result "1-0"]
[WhiteElo "1974"]
[BlackElo "2218"]
[PlyCount "49"]
[EventDate "2009.09.26"]

1. e4 e5 2. Nf3 Nc6 3. d4 exd4 4. Bc4 Nf6 5. O-O Nxe4 6. Re1 d5 7. Bxd5 Qxd5 8.
Nc3 Qh5 9. Nxe4 Be6 10. Bg5 h6 11. Bf6 Qa5 12. Nxd4 Ne7 13. b4 Qd5 14. c4 Qxc4
15. Rc1 Qxb4 16. Nxe6 fxe6 17. Qh5+ g6 18. Qg4 Rg8 19. Qxe6 Qb6 20. Qe5 Qb4 21.
Bxe7 Bxe7 22. Nf6+ Kf7 23. Nxg8 Rxg8 24. Qe6+ Kf8 25. Rxc7 1-0

[Event "Campeonato de España Individual"]
[Site "Cala Major-Palma de Mallorca"]
[Date "2009.10.03"]
[Round "8.26"]
[White "Galiana Salom, Juan Ramon"]
[Black "Garcia Rodriguez, Victor"]
[Result "1-0"]
[WhiteElo "2216"]
[BlackElo "2086"]
[PlyCount "57"]
[EventDate "2009.09.26"]

1. e4 e5 2. Nf3 Nc6 3. Bb5 a6 4. Ba4 Nf6 5. Qe2 b5 6. Bb3 Be7 7. O-O O-O 8. c3
d5 9. d3 Qd6 10. Bg5 Be6 11. Nbd2 Rad8 12. Nxe5 Nxe5 13. d4 dxe4 14. dxe5 Qxe5
15. Bxf6 Bxf6 16. Nxe4 Bf5 17. Nxf6+ Qxf6 18. Rfe1 g6 19. h3 Qg5 20. Qe5 Rde8
21. Qxc7 Rxe1+ 22. Rxe1 Bxh3 23. Qb7 Qd2 24. Qe7 Bf5 25. Re3 Qxb2 26. Qf6 Qc1+
27. Kh2 Qa3 28. Re7 Be6 29. Rxe6 1-0

[Event "Campeonato de España Individual"]
[Site "Cala Major-Palma de Mallorca"]
[Date "2009.10.03"]
[Round "8.27"]
[White "Sabater Sanchez, Asensio"]
[Black "Navarrete Espi, Samuel"]
[Result "1/2-1/2"]
[WhiteElo "2211"]
[BlackElo "1929"]
[PlyCount "87"]
[EventDate "2009.09.26"]

1. c4 Nf6 2. g3 g6 3. Bg2 Bg7 4. Nc3 c6 5. Nf3 d5 6. cxd5 cxd5 7. O-O O-O 8. d4
Ne4 9. Nxe4 dxe4 10. Ne5 Nd7 11. Nxd7 Bxd7 12. e3 Bc6 13. Bd2 f5 14. Bc3 Qb6
15. Qd2 Bb5 16. Rfd1 g5 17. a4 Bd3 18. Bf1 Bxf1 19. Rxf1 f4 20. exf4 gxf4 21.
Qe2 fxg3 22. hxg3 Qg6 23. Rae1 Rf4 24. Kg2 Raf8 25. Bd2 Rg4 26. Rh1 Bxd4 27.
Qc4+ Qf7 28. Qxd4 Qf3+ 29. Kh3 Rf5 30. Qc4+ Kf8 31. Bh6+ Ke8 32. Qc8+ Kf7 33.
Qc4+ Kg6 34. Qe6+ Kh5 35. Qxf5+ Qxf5 36. Kg2+ Kg6 37. Be3 h5 38. b4 Qf3+ 39.
Kg1 a6 40. a5 e6 41. Bc5 Qc3 42. Re3 Qd2 43. Kg2 Qc2 44. Be7 1/2-1/2

[Event "Campeonato de España Individual"]
[Site "Cala Major-Palma de Mallorca"]
[Date "2009.10.03"]
[Round "8.28"]
[White "Gelabert Mari, Llorenç"]
[Black "Barcelo Pujadas, Pedro Jose"]
[Result "0-1"]
[WhiteElo "2083"]
[BlackElo "2249"]
[PlyCount "95"]
[EventDate "2009.09.26"]

1. e4 e6 2. d4 d5 3. exd5 exd5 4. Bd3 c5 5. c3 cxd4 6. cxd4 Nc6 7. Nf3 Bg4 8.
O-O Bd6 9. Re1+ Nge7 10. Nc3 Bc7 11. Be3 a6 12. a3 Qd6 13. g3 Qd7 14. Rc1 O-O
15. Be2 f5 16. Nh4 Bxe2 17. Nxe2 f4 18. gxf4 Qh3 19. Ng2 g5 20. Qd2 Ng6 21. Rc3
Kh8 22. Kh1 Qh6 23. f3 Rae8 24. Bf2 gxf4 25. Ng1 Bd6 26. Rcc1 Nce7 27. Re6 Nf5
28. Rce1 Rc8 29. Rc1 Bb8 30. Rxc8 Rxc8 31. Rf6 Qh5 32. Qe1 Ng3+ 33. Bxg3 fxg3
34. h3 Qg5 35. Qe6 Rg8 36. Rf5 Qe7 37. Qxd5 Rd8 38. Qc4 Qd7 39. Rh5 Qxd4 40.
Qxd4+ Rxd4 41. Rc5 Bd6 42. Rc8+ Kg7 43. Ne3 Ne7 44. Rd8 Rd2 45. Ng2 Nf5 46.
Rd7+ Kf6 47. Rxb7 Ne3 48. Rb6 0-1

[Event "Campeonato de España Individual"]
[Site "Cala Major-Palma de Mallorca"]
[Date "2009.10.03"]
[Round "8.29"]
[White "Pont Mulet, Antonio"]
[Black "Lechado Artigues, Pedro"]
[Result "1-0"]
[WhiteElo "2232"]
[BlackElo "2110"]
[PlyCount "77"]
[EventDate "2009.09.26"]

1. Nf3 Nf6 2. g3 g6 3. Bg2 Bg7 4. O-O O-O 5. d4 d6 6. c4 Nc6 7. Nc3 a6 8. b3
Rb8 9. Bb2 Nd7 10. d5 Na5 11. Nd4 Ne5 12. h3 c5 13. dxc6 bxc6 14. Rb1 c5 15.
Nc2 Be6 16. Nd5 f6 17. f4 Nec6 18. g4 f5 19. Bxg7 Kxg7 20. g5 Qd7 21. Qe1 Nb7
22. Qc3+ Kg8 23. Rbd1 Nbd8 24. Bf3 Bxd5 25. Bxd5+ e6 26. Bf3 Nf7 27. e3 Nb4 28.
Nxb4 Rxb4 29. h4 Qe7 30. Kf2 Rfb8 31. h5 a5 32. hxg6 hxg6 33. Rh1 a4 34. Rh3
Kf8 35. Rdh1 e5 36. Bd5 axb3 37. Bxf7 Qa7 38. Bd5 Qxa2+ 39. Kf3 1-0

[Event "Campeonato de España Individual"]
[Site "Cala Major-Palma de Mallorca"]
[Date "2009.10.03"]
[Round "8.30"]
[White "Veganzones Rojo, David"]
[Black "Serrano Bozada, Esteban"]
[Result "0-1"]
[WhiteElo "2100"]
[BlackElo "2217"]
[PlyCount "86"]
[EventDate "2009.09.26"]

1. d4 Nf6 2. c4 c5 3. d5 b5 4. cxb5 a6 5. bxa6 Bxa6 6. g3 d6 7. Bg2 g6 8. Nf3
Bg7 9. Nc3 O-O 10. O-O Nbd7 11. Rb1 Ng4 12. Qc2 Qa5 13. Bd2 Nge5 14. Nxe5 Nxe5
15. b3 Rfb8 16. a4 Rb7 17. Rfe1 Qc7 18. h3 Nd7 19. f4 c4 20. Ne4 Qb6+ 21. Kh2
cxb3 22. Qd1 Bc4 23. a5 Qb5 24. h4 f5 25. Ng5 Nf6 26. Ne6 Ng4+ 27. Kg1 Bf6 28.
e4 Bd3 29. Bf1 Bxf1 30. Rxf1 Qd3 31. Rf3 Qxe4 32. Be1 b2 33. Qd3 Rc8 34. Bd2 h6
35. a6 Ra7 36. Qf1 Qxd5 37. Re1 b1=Q 38. Rxb1 Qxe6 39. Rb7 Bd4+ 40. Kg2 Rca8
41. Qb5 Rxa6 42. Rd3 Qe4+ 43. Rf3 Bf6 0-1

[Event "Campeonato de España Individual"]
[Site "Cala Major-Palma de Mallorca"]
[Date "2009.10.03"]
[Round "8.31"]
[White "Planas Gene, Juan"]
[Black "Machin Arbelo, Pedro Alexis"]
[Result "0-1"]
[WhiteElo "2130"]
[BlackElo "2052"]
[PlyCount "108"]
[EventDate "2009.09.26"]

1. d4 Nf6 2. c4 e6 3. a3 b6 4. Nc3 d5 5. Bg5 Be7 6. Nf3 Bb7 7. cxd5 Nxd5 8.
Bxe7 Qxe7 9. Qc2 O-O 10. e4 Nxc3 11. bxc3 c5 12. Bd3 Rd8 13. O-O Nc6 14. d5
exd5 15. exd5 Rxd5 16. Bxh7+ Kh8 17. Be4 Rh5 18. Rfe1 Qf6 19. Re3 g6 20. Rd1
Rd8 21. Rxd8+ Nxd8 22. Bxb7 Nxb7 23. Qe4 Nd6 24. Qa8+ Kg7 25. Nd2 Re5 26. Rh3
Re8 27. Qd5 Re1+ 28. Nf1 Ne4 29. f4 Nxc3 30. Qd2 Qd4+ 31. Qxd4+ cxd4 32. Rd3
Ra1 33. Kf2 Nb5 34. Rb3 Ra2+ 35. Kf3 Rxa3 36. Rxa3 Nxa3 37. Ke4 Nb5 38. g4 a5
39. Kd5 a4 40. Kc4 a3 41. Nd2 a2 42. Nb3 Na3+ 43. Kxd4 Nc2+ 44. Kc3 Ne3 45. Kb2
Nxg4 46. Kxa2 Nxh2 47. Nd2 Ng4 48. Nc4 Kf6 49. Nxb6 Kf5 50. Kb2 Kxf4 51. Kc2 f5
52. Kd2 Kg3 53. Nd5 f4 54. Nc3 f3 0-1

[Event "Campeonato de España Individual"]
[Site "Cala Major-Palma de Mallorca"]
[Date "2009.10.03"]
[Round "8.32"]
[White "Lorente Penalba, Diego"]
[Black "Alemany Jara, Alejandro"]
[Result "1-0"]
[WhiteElo "2120"]
[BlackElo "1766"]
[PlyCount "57"]
[EventDate "2009.09.26"]

1. e4 e6 2. d4 d5 3. e5 c5 4. c3 Nc6 5. Nf3 Qb6 6. Bd3 Bd7 7. O-O cxd4 8. cxd4
Nge7 9. Nbd2 Nf5 10. Bxf5 exf5 11. Nb3 Be7 12. Bg5 Bxg5 13. Nxg5 h6 14. e6 Bxe6
15. Nxe6 fxe6 16. Qh5+ Ke7 17. Qg6 Rag8 18. Rfe1 Nd8 19. Nc5 h5 20. Qxf5 Qd6
21. Qg5+ Kf7 22. Re3 b6 23. Rf3+ Ke8 24. Qg6+ Ke7 25. Nb7 Qd7 26. Nxd8 Kxd8 27.
Rf7 Qe8 28. Qg5+ Kc8 29. Qc1+ 1-0